000 00752cam a2200205 4500
001 WB3747-12
008 011211n2001 000 0 eng u
035 _a(Sirsi) u115946
245 _aDemand for out-of-town retail space
260 _c2001
490 _aRetail Week
_v7 December 2001, 28(1)
520 _aThe latest quarterly bulletin from FPD Savills indicates that declining retailer confidence has hit demand for out-of-town retail space. The rate of rental growth has slowed from 5% at the start of 2001 to 2.3% at the end of September 2001.
590 _aWB
650 _aFPD SAVILLS
650 _aSURVEY
650 _aOUT-OF-TOWN RETAIL
650 _aDEMAND
690 _aPROPERTY-COMMERCIAL PROPERTY-RETAIL PROPERTY
942 _n0
999 _c69072
_d69072